000 00244nam a2200097 i 4500
020 _a9789365472189
100 _aDey, Saumya
245 _aBhu: From Inception to Crisis (1915–65)
260 _aIndia
_bBlue Bird India Ltd
_c2022
082 _a720 DEY
999 _c18875
_d18875